|
|
|
|
| LEADER |
01142cam a2200301Ia 4500 |
| 001 |
9780203022832 |
| 003 |
FlBoTFG |
| 005 |
20091230162920.0 |
| 006 |
a|||||s||||||||||| |
| 007 |
cr|||| |
| 008 |
040915s2005 enk sb 001 0 eng d |
| 020 |
|
|
|a 9780203022832 (e-book : PDF)
|
| 040 |
|
|
|a FlBoTFG
|c FlBoTFG
|d GrThAP
|
| 043 |
|
|
|a e------
|a ff-----
|a aw-----
|
| 090 |
|
|
|a PA6134
|b .L38 2005
|
| 092 |
|
|
|a 871.070801
|b L357
|
| 245 |
0 |
0 |
|a Latin verse satire
|h [electronic resource] :
|b an anthology and critical reader /
|c edited, with an introduction and commentary, by Paul Allen Miller.
|
| 260 |
|
|
|a London ;
|a New York :
|b Routledge,
|c 2005.
|
| 300 |
|
|
|a viii, 424 p.
|
| 504 |
|
|
|a Includes bibliographical references and index.
|
| 530 |
|
|
|a Also available in print edition.
|b CRC Press (http://www.crcpress.com)
|
| 538 |
|
|
|a Mode of access: World Wide Web.
|
| 650 |
|
0 |
|a Verse satire, Latin.
|
| 650 |
|
0 |
|a Verse satire, Latin
|x History and criticism.
|
| 655 |
|
7 |
|a Electronic books.
|2 lcsh
|
| 700 |
1 |
|
|a Miller, Paul Allen,
|d 1959-
|
| 776 |
1 |
|
|z 9780415317160
|
| 856 |
4 |
0 |
|u http://www.tandfebooks.com/isbn/9780203022832
|z Full Text via HEAL-Link
|